00788 2200253 4500001002100000005001700021008004100038035002500079082001200104090002100116100002700137245012500164250001100289260004100300300001800341500004800359650003200407700002000439700001800459850001200477990001500489990001500504990001500519YOGYA-0209000002853120150331092837.0 ind  a0010-020900000028531 a297.218 aT 297.218bAqq I aAL-AQQAD, Abbas Mahmud aInsan Qur ani abad moderncAbbas Mahmud Al-Aqqod ; penerjemah, Ainur Roziq AR dan Fateh Rahmat ; penyunting, Umar Sufyan aCet. 1 aYogyakartabTitian Ilahi Pressc1995 a90 hlmc20 cm aJudul asli : Al ihsan fi Al-Qur an al karim aManusia - Sejarah Peradaban aRoziq Ar, Ainur aRahmat, Fateh aYOPDYOG a87493-P/96 a87494-P/96 a87495-P/96